Multimedia (Record no. 3485)

MARC details
000 -LEADER
fixed length control field 00311nam a22001337a 4500
008 - FIXED-LENGTH DATA ELEMENTS--GENERAL INFORMATION
fixed length control field 250514b |||||||| |||| 00| 0 eng d
020 ## - INTERNATIONAL STANDARD BOOK NUMBER
ISBN 0761949941
100 ## - MAIN ENTRY--AUTHOR
Author Francis Cranny Anne
245 ## - TITLE STATEMENT
Title Multimedia
260 ## - PUBLICATION, DISTRIBUTION, ETC. (IMPRINT)
Place of publication London
Name of publisher Sage Publication
Date of publication 2005
300 ## - COLLATION
Pagination 190p.
942 ## - ADDED ENTRY ELEMENTS (KOHA)
Item type Books
050 ## - LIBRARY OF CONGRESS CALL NUMBER
Classification number HD96
Item number .F73

No items available.